Online Catalogue and eLibrary

Sanskruthi (Record no. 5164)

MARC details
000 -LEADER
fixed length control field 00380nam a2200157Ia 4500
005 - DATE AND TIME OF LATEST TRANSACTION
control field 20250528035938.0
008 - FIXED-LENGTH DATA ELEMENTS--GENERAL INFORMATION
fixed length control field 240331s9999 xx 000 0 und d
020 ## - INTERNATIONAL STANDARD BOOK NUMBER
ISBN 13916886
082 ## - DDC Classification
Item Number - Author Mark SAN
Class No. 303
245 #0 - TITLE STATEMENT
Title Sanskruthi
260 ## - PUBLICATION, DISTRIBUTION, ETC.
Place of publication, distribution, etc. Boralesgamuwa
Name of publisher, distributor, etc. Cultural Expression
Date of publication, distribution, etc. 2009
300 ## - PHYSICAL DESCRIPTION
Extent (e.g. Volumes, Pages etc.) 135 p .,
650 ## - SUBJECT ADDED ENTRY--TOPICAL TERM
Topical term or geographic name entry element Cultural Commentary
700 ## - ADDED ENTRY--PERSONAL NAME
Personal name Sankruti.
Relator term (Role) Editor
942 ## - Koha item type (Biblio)
Koha item type Books in Stacks (Lending)
Holdings
Lost status Damaged status Collection code Home library Current library Shelving location Date acquired Full call number Accession Number Item type
    Lending WERC Library WERC Library Social Science Cupboard 03/31/2024 303.6 SAN 6447 Books in Stacks (Lending)

© WERC Library